01018nam a2200193Ia 4500001001000000003001000010008004100020040002500061041001400086100002000100245008400120250001100204260005300215300001200268500020000280501011400480520020000594650003000794L220-4202IT-CnALBA170116s9999||||xx |||||||||||||| ||und|| aIT-CnALBAcIT-CnALBA aBILINGUE  aMOSÈ, PROFETA 0aSACRA SCRITTURA. TOMO II. GENESI GIUSTA LA VULGATA IN LINGUA LATINA E VOLGARE.  a2a ed. a VENEZIAbBASEGIO LORENZO c1775 [1° Ed.: n.d.] a440 p.  aVECCHIO TESTAMENTO. TESTO E COMMENTO. SPIEGAZIONE DEL SENSO LETTERALE E SPIRITUALE DEI SS. PADRI E AUTORI ECCLESIASTICI. CURATORE LE MAITRE DE SACY. CINTINUAZIONE DELLA GENESI. INDICE ANALITICO.  aSocietà San Paolo EM - Piazza San Paolo, 14 - 12051 ALBA (CN) (non commercial uses only) ® Copyright 2017 aVECCHIO TESTAMENTO. TESTO E COMMENTO. SPIEGAZIONE DEL SENSO LETTERALE E SPIRITUALE DEI SS. PADRI E AUTORI ECCLESIASTICI. CURATORE LE MAITRE DE SACY. CINTINUAZIONE DELLA GENESI. INDICE ANALITICO.  aBIBBIA - TESTI E COMMENTI